00646nam a2200169 a 450000100100000000500170001000800410002704000250006808200150009310000290010824501070013726000920024430000290033649000190036550000720038483000200045600002907920200930055322.0110413s1989 dr c 000 | spa d aDO-SdBNPbspacBNPHU axxxbA728c1 aArmenteros Rius, Enrique13aEl crucigrama forestal dominicano :binquietudes, sugerencias y esperanzas /cEnrique Armenteros Rius. aSanto Domingo :bFundación para el Mejoramiento Humano (PROGRESSIO),c1989.f(Taller) a26 p. :bretr. ;c22 cm.1 aPROGRESSIOv10 aIncluye datos biográficos del autor entre las primeras páginas. 0aPROGRESSIO;v10